| 000 | 00495nam a22001817a 4500 | ||
|---|---|---|---|
| 005 | 20251108172545.0 | ||
| 008 | 250721s9999 xx 000 0 ara d | ||
| 082 | 1 | 4 | _aم/915.6/ريح |
| 100 | 1 |
_aالريحاني، أمين _eمؤلف |
|
| 245 | 1 | 0 | _aالريحانيات / |
| 250 | _aط10. | ||
| 264 | 1 |
_aبيروت : _bدار الجيل، |
|
| 300 | _a489 ص. | ||
| 650 | 1 | 7 | _aالمقالات الأدبية |
| 650 | 1 | 7 | _aالأدب العربي |
| 942 |
_2ddc _cREF |
||
| 999 |
_c82452 _d82452 |
||